00785nam a2200229Ia 450000500170000000800410001702000150005808200180007310000200009124500760011125000390018730000430022665000380026965000360030765000380034370000170038126400340039833600270043233700330045933800280049204000350052020220317000645.0160601s2005 ag a g 000 0 spa  a950128709204a303.69 bD32h1 aDiez, Francisco10aHerramientas para trabajar en mediación cFrancisco Diez, Gachi Tapia a1a. edición b3a. reimpresión  a227 páginas bilustraciones c22 cm 142LEMBaMeditación xEnseñanza 142LEMBaSolución de conflictos 142LEMBaMeditación internacional 1 aTapia, Gachi aBuenos Aires bPaidósc2005 atextobtxt2rdacontent asin mediaciónbn2rdamedia avolumenbnc2rdacarrier aCO-BoRNBPbspaerdacCO-BoRNBP